| 000 | 00468nam a2200157Ia 4500 | ||
|---|---|---|---|
| 008 | 220214s9999 xx 000 0 und d | ||
| 022 | _a0260-5317 | ||
| 245 | 0 | _aEUROPEAN RUBBER JOURNAL | |
| 247 | _aRubber Journal | ||
| 260 |
_bCrain Communications _aLondon |
||
| 310 | _a10 | ||
| 500 | _aEnding Volume & Year: 182, 2000 | ||
| 500 | _aMissing Volume: 143;170(4,8);178(12);179;180(2,5,7,8,12);182(1-3) | ||
| 500 | _aStarting Volume & Year: 156, 1974 | ||
| 942 | _cBJ | ||
| 999 |
_c16640 _d16640 |
||